Poistné ako daňový výdavok podnikateľa

Poistné ako možný daňový náklad. Povinne zmluvné poistenie vzťahujúce sa na daňovníka. Zákonné poistenie vzťahujúce sa na daňovníka. Dobrovoľné zmluvné poistenie podnikateľa.

Salvato in:
Dettagli Bibliografici
Autore principale: Fekete, Imrich
Natura: Capitolo di libro
Lingua:slovacco
Soggetti:
Tags: Aggiungi Tag
Nessun Tag, puoi essere il primo ad aggiungerne!!

MARC

LEADER 00000naa a2200000 4500
001 r036427
005 20230926081609.9
041 0 |a slo 
044 |a SK 
245 1 0 |a Poistné ako daňový výdavok podnikateľa  |c Imrich Fekete 
520 |a Poistné ako možný daňový náklad. Povinne zmluvné poistenie vzťahujúce sa na daňovníka. Zákonné poistenie vzťahujúce sa na daňovníka. Dobrovoľné zmluvné poistenie podnikateľa. 
610 2 0 |a poistné 
610 2 0 |a výdavky 
610 2 0 |a podnikatelia 
610 2 0 |a daňovníci 
610 2 0 |a poistenie zmluvné 
610 2 0 |a poistenie zákonné 
610 2 0 |a poistenie dobrovoľné 
100 1 |a Fekete, Imrich